000 00258nam a22001097a 4500
008 170125b xxu||||| |||| 00| 0 eng d
020 _a9780323014595
041 _aeng
080 _25TH
_a618.2
245 _aNURSING DIAGNOSIS HANDBOOK
_cACKLEY
942 _2udc
_cBK
999 _c3572
_d3572